Riconosci il Pokémon - Quiz n°253 - Statistics

Statistiche generali
  • Questo quiz è stato fatto 1 volte
  • Il punteggio medio è 4 su 10
Statistiche sulle risposte
Indizio Risposta % Corretto
Peso 13,0 kg; ???,? kg (Gigamax)
100%
Tipo Erba / Drago
100%
Generazione Ottava
100%
Stadio evoluzione Prima evoluzione
100%
Altezza 0,4 m; > 24,0 m (Gigamax)
0%
Tasso di cattura 45 (11.9%)
0%
Sesso 50% ♂, 50% ♀
0%
Pokémon Appletun
0%
Tasso di allevamento Irregolare
0%
Abilità Maturazione; Voracità; Grassospesso
0%
Nessun quiz corrispondente trovato
Distribuzione punteggi
Percentuale di utenti per punteggio
Percentile per numero di risposta
I tuoi punteggi nel tempo
Non hai fatto questo quiz